00322nam a2200121Ia 4500003000400000008004100004082001500045100003900060245005700099260002700156300000900183650000800192OSt191201s2016 xx 000 0 und d a332.6bREA aREILLY, Frank K and BROWN, Keith C 0aAnalysis of Investments and Management of Portfolios bCengage Learningc2016 a1022 aMBA